Quiz sur l'Isère - Statistiques

Statistiques générales
  • Ce quiz a été pris 335 fois
  • Le résultat moyen est 15 sur 20
Statistiques - réponses
Question Réponse % Correct
Numéro du département 38
98%
Région Auvergne-Rhône-Alpes
97%
Préfecture et plus grande ville Grenoble
97%
Rhône
96%
Savoie
92%
Drôme
85%
Départements limitrophes (métropole de Lyon exclue) Ain
82%
Ardèche
79%
Gentilé Isérois
78%
Recette de pommes de terre emblématique du département. Le gratin dauphinois
75%
Hautes-Alpes
72%
Ancienne province française dont l'Isère recouvrait une grande partie. Le Dauphiné
70%
Loire
70%
Citez un des deux parcs naturels régionaux de l'Isère. Parc naturel régional de la Chartreuse / Parc naturel régional du Vercors
70%
Chanteur qui fait référence à Echirolles, sa ville natale dans une chanson de 2014. Calogéro
68%
Vienne
67%
Sous-préfectures La Tour-du-Pin
58%
Parc national présent dans le sud-est du département. Parc national des Ecrins
43%
Domaine skiable qui accueille le plus grand glacier skiable de France. Les 2 Alpes
40%
Nombre d'habitants (arrondi à la dizaine de milliers d'habitants) 1 260 000 (1 258 722)
18%
Aucun quiz correspondant
Distribution des résultats
% des personnes avec chaque résultat
Percentile par nombre de réponses
Votre historique - résultats
Vous n’avez pas pris ce quiz